000 00984pam a2200289 a 4500
999 _c126686
_d126686
001 4769711
003 ARRUPE
005 20170817103717.0
008 860627s1986 pau b 001 0 eng
010 _a 86014442
020 _a0877224455 (alk. paper)
040 _aDLC
_cDLC
_dDLC
050 0 0 _aH59.W4
_bP67 1986
082 0 0 _a301/.092/4
_219
100 1 _aPortis, Edward Bryan.
_934851
245 1 0 _aMax Weber and political commitment :
_bscience, politics, and personality /
_cEdward Bryan Portis.
260 _aPhiladelphia :
_bTemple University Press,
_c1986.
300 _aix, 246 p. ;
_c22 cm.
500 _aIncludes index.
504 _aBibliography: p. 227-239.
600 1 0 _aWeber, Max,
_d1864-1920.
_927645
600 1 0 _aWeber, Max,
_d1864-1920
_xPsychology.
_934852
650 0 _aSocial sciences
_xPhilosophy.
_934853
650 0 _aSocial values.
_91984
650 0 _aPolitics, Practical.
_934854
906 _a7
_bcbc
_corignew
_d1
_eocip
_f19
_gy-gencatlg
942 _2lcc
_cMONOGRAPH